All-time Olympic Medal Table - Statistics

General Stats
  • This quiz has been taken 43 times
    18 since last reset
  • The average score is 120 of 152
Answer Stats
# Country G S B Total % Correct
67 Algeria 5 4 8 17
100%
43 Argentina 21 25 28 74
100%
14 Australia 152 168 192 512
100%
21 Austria 82 114 123 319
100%
121 Bohemia 0 1 3 4
100%
37 Brazil 30 36 62 128
100%
26 Bulgaria 52 89 83 224
100%
7 China 237 195 176 608
100%
48 Croatia 15 16 13 44
100%
22 Cuba 78 68 79 225
100%
30 Denmark 45 75 75 195
100%
15 Finland 144 148 178 470
100%
3 Germany 283 282 290 855
100%
4 Great Britain and Northern Ireland 274 299 307 880
100%
35 Greece 33 43 40 116
100%
97 Hong Kong 1 1 1 3
100%
12 Hungary 176 149 173 498
100%
54 India 9 7 12 28
100%
45 Iran 19 22 28 69
100%
6 Italy 246 214 241 701
100%
13 Japan 156 157 184 497
100%
36 Kenya 31 38 33 102
100%
62 Lithuania 6 7 12 25
100%
49 Mexico 13 24 32 69
100%
63 Morocco 6 5 12 23
100%
129 Netherlands Antilles 0 1 0 1
100%
29 New Zealand 46 28 46 120
100%
11 Norway 188 174 158 520
100%
23 Poland 75 90 141 306
100%
68 Portugal 4 8 12 24
100%
52 Republic of Ireland 9 10 12 31
100%
20 Romania 89 95 123 307
100%
51 Slovakia 12 16 8 36
100%
58 Slovenia 7 13 20 40
100%
18 South Korea 121 112 104 337
100%
2 Soviet Union 473 376 355 1204
100%
28 Spain 46 64 44 154
100%
8 Sweden 202 216 234 652
100%
17 The Netherlands 130 136 149 415
100%
32 Turkey 39 24 28 91
100%
34 Unified Team of Germany 36 60 41 137
100%
1 USA 1127 905 795 2827
100%
143 US Virgin Islands 0 0 1 1
100%
31 Belgium 41 55 58 154
92%
16 Canada 137 166 198 501
92%
65 Colombia 5 9 14 28
92%
27 Czechoslovakia 51 57 60 168
92%
40 Czech Republic 24 28 35 87
92%
10 East Germany 192 165 162 519
92%
61 Egypt 7 10 15 32
92%
50 Estonia 13 11 17 41
92%
42 Ethiopia 22 11 20 53
92%
5 France 248 276 316 840
92%
59 Indonesia 7 13 12 32
92%
41 Jamaica 22 35 20 77
92%
70 Latvia 3 15 9 27
92%
47 North Korea 16 17 23 56
92%
81 Olympic Athletes from Russia 2 6 9 17
92%
9 Russia 196 168 188 546
92%
88 Russian Empire 1 4 3 8
92%
72 Serbia 3 6 6 15
92%
117 Serbia and Montenegro 0 2 0 2
92%
39 South Africa 26 31 29 86
92%
19 Switzerland 105 121 119 345
92%
33 Ukraine 38 31 60 129
92%
55 Uzbekistan 9 6 17 32
92%
60 Azerbaijan 7 11 25 43
83%
79 Chile 2 7 4 13
83%
66 Chinese Taipei 5 7 12 24
83%
76 Dominican Republic 3 2 2 7
83%
143 Iraq 0 0 1 1
83%
111 Malaysia 0 7 4 11
83%
114 Moldova 0 2 3 5
83%
113 Philippines 0 3 7 10
83%
129 Sudan 0 1 0 1
83%
95 Tajikistan 1 1 2 4
83%
53 Thailand 9 8 16 33
83%
83 Venezuela 2 3 10 15
83%
89 Vietnam 1 3 0 4
83%
24 West Germany 67 82 94 243
83%
38 Yugoslavia 28 34 32 94
83%
82 Armenia 2 6 6 14
75%
143 Barbados 0 0 1 1
75%
44 Belarus 20 32 44 96
75%
95 Costa Rica 1 1 2 4
75%
100 Ecuador 1 1 0 2
75%
108 Fiji 1 0 0 1
75%
56 Georgia 8 8 17 33
75%
129 Guatemala 0 1 0 1
75%
143 Guyana 0 0 1 1
75%
126 Haiti 0 1 1 2
75%
115 Iceland 0 2 2 4
75%
94 Israel 1 1 7 9
75%
46 Kazakhstan 16 23 31 70
75%
108 Kosovo 1 0 0 1
75%
89 Luxembourg 1 3 0 4
75%
143 Macedonia 0 0 1 1
75%
75 Pakistan 3 3 4 10
75%
103 Panama 1 0 2 3
75%
129 Paraguay 0 1 0 1
75%
89 Peru 1 3 0 4
75%
124 Saudi Arabia 0 1 2 3
75%
129 Senegal 0 1 0 1
75%
97 Syria 1 1 1 3
75%
117 Tanzania 0 2 0 2
75%
64 The Bahamas 6 2 6 14
75%
69 Tunisia 4 2 7 13
75%
84 Uganda 2 3 2 7
75%
104 United Arab Emirates 1 0 1 2
75%
85 Uruguay 2 2 6 10
75%
140 Afghanistan 0 0 2 2
67%
87 Bahrain 2 1 0 3
67%
129 Botswana 0 1 0 1
67%
100 Burundi 1 1 0 2
67%
143 Eritrea 0 0 1 1
67%
108 Jordan 1 0 0 1
67%
121 Kyrgyzstan 0 1 3 4
67%
78 Mongolia 2 10 14 26
67%
126 Niger 0 1 1 2
67%
71 Nigeria 3 10 12 25
67%
117 Sri Lanka 0 2 0 2
67%
129 Tonga 0 1 0 1
67%
129 Cyprus 0 1 0 1
58%
121 Ghana 0 1 3 4
58%
140 Kuwait 0 0 2 2
58%
115 Lebanon 0 2 2 4
58%
129 Montenegro 0 1 0 1
58%
104 Mozambique 1 0 1 2
58%
112 Namibia 0 4 0 4
58%
92 Puerto Rico 1 2 6 9
58%
120 Qatar 0 1 4 5
58%
93 Singapore 1 2 2 5
58%
104 Suriname 1 0 1 2
58%
74 Zimbabwe 3 4 1 8
58%
73 Australasia 3 4 5 12
50%
77 Cameroon 3 1 2 6
50%
143 Djibouti 0 0 1 1
50%
129 Gabon 0 1 0 1
50%
100 Grenada 1 1 0 2
50%
97 Ivory Coast 1 1 1 3
50%
85 Liechtenstein 2 2 6 10
50%
143 Togo 0 0 1 1
50%
80 Trinidad and Tobago 2 6 11 19
50%
126 Zambia 0 1 1 2
50%
129 Samoa 0 1 0 1
42%
25 Unified Team 54 44 37 135
42%
143 Bermuda 0 0 1 1
33%
143 Mauritius 0 0 1 1
25%
104 Independent Olympic Athletes 1 0 1 2
17%
57 Mixed Team 8 5 4 17
17%
140 British West Indies 0 0 2 2
8%
124 Independent Olympic Participants 0 1 2 3
8%
No matching quizzes found
Score Distribution
Percent of People with Each Score
Percentile by Number Answered
Your Score History
You have not taken this quiz since the last reset